[Event "17PCR_ZK08"]
[Site "?"]
[Date "2007.??.??"]
[Round "1"]
[White "Hlavacek, Ladislav"]
[Black "Klimecky, Tomas"]
[Result "1/2-1/2"]
[WhiteElo "2002"]
[BlackElo "1744"]
[PlyCount "79"]
[EventDate "2007.??.??"]
[SourceDate "2007.06.28"]

1. f4 d5 2. Nf3 Nf6 3. e3 Nc6 4. Be2 d4 5. O-O dxe3 6. dxe3 Qxd1 7. Rxd1 Bf5 8.
Bd3 Bxd3 9. cxd3 Rd8 10. d4 e6 11. a3 Ne7 12. Re1 Nf5 13. Nc3 h5 14. b4 c6 15.
Bb2 h4 16. Rad1 Nd6 17. e4 Nc4 18. Bc1 a5 19. bxa5 Nxa5 20. f5 Nc4 21. fxe6
fxe6 22. e5 Nd5 23. Ne4 Rd7 24. Nc5 Bxc5 25. dxc5 h3 26. Ng5 Rh5 27. g4 Rh4 28.
Rd4 Nce3 29. Rxe3 Nxe3 30. Rxd7 Kxd7 31. Bxe3 Rxg4+ 32. Kf1 Ra4 33. Kf2 Rxa3
34. Kf3 Ra2 35. Bf2 Ra3+ 36. Kg4 Ra2 37. Nxh3 Re2 38. Kf4 Ke7 39. Bg3 Rc2 40.
Bh4+ 1/2-1/2

[Event "17PCR_ZK08"]
[Site "?"]
[Date "2007.??.??"]
[Round "2"]
[White "Hlavacek, Ladislav"]
[Black "Stika, Vaclav"]
[Result "0-1"]
[WhiteElo "2002"]
[BlackElo "2150"]
[PlyCount "86"]
[EventDate "2007.??.??"]
[SourceDate "2007.06.28"]

1. c4 e6 2. d4 d5 3. Nc3 Be7 4. cxd5 exd5 5. Bf4 c6 6. e3 Bf5 7. Bd3 Bxd3 8.
Qxd3 Nf6 9. Nf3 Nbd7 10. O-O O-O 11. Qf5 Re8 12. Rac1 Nb6 13. Ne2 Qc8 14. Qc2
Nc4 15. Ne5 Nxe5 16. Bxe5 Qd7 17. a3 Ne4 18. Rfe1 Rad8 19. Ng3 Nxg3 20. Bxg3
Qg4 21. h3 Qe6 22. Qb3 Rd7 23. e4 dxe4 24. Qxe6 fxe6 25. Be5 Bf6 26. Rxe4 Bxe5
27. dxe5 Rd2 28. Rb4 Re7 29. f4 Red7 30. Rc3 h5 31. h4 Kf7 32. Kh2 a5 33. Rb6
Kg6 34. b4 axb4 35. Rxb4 R2d4 36. g3 Rd2+ 37. Kh3 Ra2 38. g4 Ra1 39. Rcb3 b5
40. Rc3 Rd2 41. gxh5+ Kxh5 42. Kg3 Rda2 43. a4 Ra3 0-1

[Event "17PCR_ZK08"]
[Site "?"]
[Date "2007.??.??"]
[Round "2"]
[White "Hlavacek, Ladislav"]
[Black "Struzka, Vlastimil"]
[Result "1/2-1/2"]
[WhiteElo "2002"]
[BlackElo "2080"]
[PlyCount "71"]
[EventDate "2007.??.??"]
[SourceDate "2007.06.28"]

1. c4 e5 2. Nc3 Nc6 3. g3 Nf6 4. Nf3 d5 5. cxd5 Nxd5 6. Bg2 Nxc3 7. bxc3 Qf6 8.
Qa4 Bd7 9. Rb1 Rb8 10. O-O Bd6 11. Qe4 h6 12. d4 O-O 13. dxe5 Nxe5 14. Nxe5
Qxe5 15. Rxb7 Rxb7 16. Qxb7 Bb5 17. Be3 Bxe2 18. Re1 Bg4 19. a4 a5 20. Qc6 Rd8
21. h3 Bd7 22. Qc4 Rb8 23. Kh2 Be6 24. Qc6 h5 25. Kh1 Rd8 26. h4 Bd7 27. Qc4
Rb8 28. Kg1 Re8 29. Rd1 Qf6 30. Bf4 Bg4 31. Rd4 Re1+ 32. Kh2 Re2 33. Kg1 Be5
34. Re4 Rxe4 35. Bxe4 Bxf4 36. gxf4 1/2-1/2

[Event "17PCR_ZK08"]
[Site "?"]
[Date "2007.??.??"]
[Round "1"]
[White "Hlavacek, Ladislav"]
[Black "Urban, Milos"]
[Result "1-0"]
[WhiteElo "2002"]
[BlackElo "1734"]
[PlyCount "33"]
[EventDate "2007.??.??"]
[SourceDate "2007.06.28"]

1. d4 Nf6 2. c4 e6 3. Nf3 b6 4. g3 Bb7 5. Bg2 Be7 6. O-O O-O 7. Nc3 Ne4 8. Qc2
Nxc3 9. Qxc3 c5 10. Rd1 d6 11. Qc2 Nd7 12. d5 exd5 13. cxd5 Bf6 14. Nd2 Ne5 15.
h3 Re8 16. Ne4 h6 17. f4 1-0

[Event "17PCR_ZK08"]
[Site "?"]
[Date "2007.??.??"]
[Round "2"]
[White "Hlavacek, Ladislav"]
[Black "Valak, Alois"]
[Result "0-1"]
[WhiteElo "2002"]
[BlackElo "2353"]
[PlyCount "56"]
[EventDate "2007.??.??"]
[SourceDate "2007.06.28"]

1. d4 Nf6 2. c4 e6 3. Nf3 b6 4. g3 Ba6 5. b3 Bb4+ 6. Bd2 Be7 7. Bg2 Bb7 8. Nc3
O-O 9. O-O d5 10. Bf4 Na6 11. Ne5 Ne4 12. Nxe4 dxe4 13. h3 f6 14. Ng4 c5 15.
dxc5 Bxc5 16. Be3 Bd6 17. Bd4 Qe7 18. Qc2 e5 19. Bc3 f5 20. Ne3 f4 21. Nd5 Bxd5
22. cxd5 f3 23. Bh1 Rac8 24. Rac1 Nb4 25. Qd2 e3 26. fxe3 Qg5 27. Rxf3 e4 28.
Bxb4 Bxb4 0-1

[Event "17PCR_ZK08"]
[Site "?"]
[Date "2007.??.??"]
[Round "2"]
[White "Hlavacek, Ladislav"]
[Black "Zahour, Jiri"]
[Result "0-1"]
[WhiteElo "2002"]
[BlackElo "2307"]
[PlyCount "88"]
[EventDate "2007.??.??"]
[SourceDate "2007.06.28"]

1. f4 d5 2. Nf3 g6 3. e3 Bg7 4. Be2 Nh6 5. O-O O-O 6. d4 Nf5 7. c4 dxc4 8. Bxc4
c5 9. dxc5 Nd7 10. Qc2 Qc7 11. g4 Nh6 12. h3 Qxc5 13. Na3 a6 14. Rd1 b5 15. Bd5
Rb8 16. Qxc5 Nxc5 17. Rb1 Rd8 18. Rd2 Be6 19. Bxe6 Nxe6 20. Nc2 f5 21. g5 Nf7
22. Nb4 Rb6 23. b3 a5 24. Rxd8+ Nfxd8 25. Nc2 Rc6 26. Na3 Rxc1+ 27. Rxc1 Bb2
28. Rc8 Bxa3 29. Nd4 Kf7 30. Nxb5 Bc5 31. Kf2 Ke8 32. Ke2 Kd7 33. Rb8 Kc6 34.
a4 Bb6 35. Rc8+ Kb7 36. Rc2 Nc6 37. Rb2 Nc5 38. Rb1 Ka6 39. Nc3 Nb4 40. Kf3 Kb7
41. Rd1 Kc6 42. Rb1 Nbd3 43. Ke2 e5 44. fxe5 Nxe5 0-1

[Event "17PCR_ZK08"]
[Site "?"]
[Date "2007.??.??"]
[Round "2"]
[White "Klimecky, Tomas"]
[Black "Hlavacek, Ladislav"]
[Result "1-0"]
[WhiteElo "1744"]
[BlackElo "2002"]
[PlyCount "51"]
[EventDate "2007.??.??"]
[SourceDate "2007.06.28"]

1. e4 c5 2. Nc3 Nc6 3. g3 g6 4. Bg2 Bg7 5. d3 d6 6. f4 Nf6 7. Nf3 O-O 8. O-O
Be6 9. h3 Qb6 10. g4 h6 11. Qe2 Rac8 12. Qf2 Nd4 13. a4 Nc6 14. g5 hxg5 15. a5
Nxa5 16. fxg5 Nh5 17. Nd5 Bxd5 18. exd5 Qc7 19. Ra4 b5 20. Re4 c4 21. d4 c3 22.
b3 Nb7 23. Rfe1 Rfe8 24. Nh4 Bf8 25. Nxg6 fxg6 26. Re6 1-0

[Event "17PCR_ZK08"]
[Site "?"]
[Date "2007.??.??"]
[Round "2"]
[White "Klimecky, Tomas"]
[Black "Struzka, Vlastimil"]
[Result "0-1"]
[WhiteElo "1744"]
[BlackElo "2080"]
[PlyCount "26"]
[EventDate "2007.??.??"]
[SourceDate "2007.06.28"]

1. e4 e5 2. Nf3 Nf6 3. Nxe5 d6 4. Nf3 Nxe4 5. d4 d5 6. Bd3 Bd6 7. O-O O-O 8. c4
c6 9. c5 Bc7 10. Re1 f5 11. Nc3 b6 12. cxb6 axb6 13. Qb3 Kh8 0-1

[Event "17PCR_ZK08"]
[Site "?"]
[Date "2007.??.??"]
[Round "1"]
[White "Klimecky, Tomas"]
[Black "Urban, Milos"]
[Result "1-0"]
[WhiteElo "1744"]
[BlackElo "1734"]
[PlyCount "21"]
[EventDate "2007.??.??"]
[SourceDate "2007.06.28"]

1. e4 e6 2. d4 d5 3. Nc3 Bb4 4. e5 c5 5. a3 Bxc3+ 6. bxc3 Ne7 7. Qg4 O-O 8. Bd3
Nbc6 9. Nf3 f5 10. exf6 Rxf6 11. Qh5 1-0

[Event "17PCR_ZK08"]
[Site "?"]
[Date "2007.??.??"]
[Round "2"]
[White "Klimecky, Tomas"]
[Black "Valak, Alois"]
[Result "0-1"]
[WhiteElo "1744"]
[BlackElo "2353"]
[PlyCount "28"]
[EventDate "2007.??.??"]
[SourceDate "2007.06.28"]

1. e4 c5 2. Nc3 Nc6 3. g3 g6 4. Bg2 Bg7 5. d3 d6 6. f4 Nf6 7. Nf3 O-O 8. O-O
Rb8 9. h3 b5 10. a3 a5 11. Be3 Nd7 12. g4 b4 13. Na4 Bb7 14. c3 e6 0-1

[Event "17PCR_ZK08"]
[Site "?"]
[Date "2007.??.??"]
[Round "2"]
[White "Klimecky, Tomas"]
[Black "Zahour, Jiri"]
[Result "0-1"]
[WhiteElo "1744"]
[BlackElo "2307"]
[PlyCount "33"]
[EventDate "2007.??.??"]
[SourceDate "2007.06.28"]

1. e4 c5 2. Nc3 Nc6 3. g3 g6 4. Bg2 Bg7 5. d3 d6 6. f4 Nf6 7. Nf3 Qb6 8. O-O
O-O 9. h3 Bd7 10. g4 e6 11. Rf2 a6 12. a3 Qd8 13. e5 Nd5 14. Qe1 dxe5 15. fxe5
Nxc3 16. bxc3 h6 17. Bf4 0-1

[Event "17PCR_ZK08"]
[Site "?"]
[Date "2007.??.??"]
[Round "1"]
[White "Stika, Vaclav"]
[Black "Hlavacek, Ladislav"]
[Result "1/2-1/2"]
[WhiteElo "2150"]
[BlackElo "2002"]
[PlyCount "117"]
[EventDate "2007.??.??"]
[SourceDate "2007.06.28"]

1. e4 c5 2. Nf3 d6 3. d4 cxd4 4. Nxd4 Nf6 5. Nc3 a6 6. f4 e6 7. Be2 Be7 8. O-O
O-O 9. Be3 Nc6 10. a4 Qc7 11. Kh1 Na5 12. Qd3 Bd7 13. g4 Rac8 14. g5 Ne8 15.
Rad1 Nc6 16. Bf3 Nxd4 17. Bxd4 b5 18. axb5 axb5 19. Ra1 Qc6 20. e5 d5 21. Be2
Nc7 22. Qh3 g6 23. Bd3 Ra8 24. Ne2 Rfc8 25. Ng3 Rxa1 26. Rxa1 Ra8 27. Rxa8+
Qxa8 28. Nh5 Qa1+ 29. Kg2 Ne8 30. Nf6+ Nxf6 31. gxf6 Bf8 32. Qe3 Qd1 33. h3 Bc6
34. Qg1 Qd2+ 35. Kg3 Bh6 36. Qf2 Qc1 37. Qe3 Qd1 38. Bc5 Qa1 39. Qd2 Qa4 40. h4
Qa1 41. Bd4 Bf8 42. Qc3 Qa4 43. h5 b4 44. Qd2 b3 45. Qc3 bxc2 46. Bxc2 Bb4 47.
Qd3 Qa1 48. hxg6 hxg6 49. Qd1 Qa6 50. b3 Qa5 51. Kf3 Bf8 52. Qg1 Be8 53. Qe3
Bd7 54. Qc3 Bb4 55. Qa1 Qxa1 56. Bxa1 Bb5 57. Ke3 Kf8 58. Kd4 Ke8 59. Bc3
1/2-1/2

[Event "17PCR_ZK08"]
[Site "?"]
[Date "2007.??.??"]
[Round "1"]
[White "Stika, Vaclav"]
[Black "Struzka, Vlastimil"]
[Result "1/2-1/2"]
[WhiteElo "2150"]
[BlackElo "2080"]
[PlyCount "99"]
[EventDate "2007.??.??"]
[SourceDate "2007.06.28"]

1. e4 e5 2. Nf3 Nf6 3. Nxe5 Qe7 4. d4 d6 5. Nf3 Qxe4+ 6. Be2 Be7 7. O-O O-O 8.
Re1 Qg4 9. Nc3 Re8 10. Bg5 Qd7 11. Bc4 Nc6 12. d5 Ne5 13. Nxe5 dxe5 14. Rxe5
Qd6 15. Bxf6 Qxf6 16. Qd4 Bf8 17. Rae1 Bf5 18. Bb3 Bg6 19. Qe3 Rxe5 20. Qxe5
Qxe5 21. Rxe5 Bc5 22. h4 Kf8 23. Nb5 h6 24. h5 Bd6 25. Nxd6 cxd6 26. Re3 Bxh5
27. Ba4 Rc8 28. c4 f5 29. b3 Be8 30. Bxe8 Rxe8 31. Rf3 Re5 32. a4 g6 33. g4 b6
34. Kg2 Kf7 35. gxf5 Rxf5 36. Rh3 h5 37. Rh4 Re5 38. Rh1 Rg5+ 39. Kf1 Kf6 40.
f3 Re5 41. Kf2 Re7 42. Rh4 a5 43. Rh1 Re8 44. Rh3 Re7 45. Rh2 Kf5 46. Rh1 Kf4
47. Rh3 Kf5 48. Rh2 Kf4 49. Rh4+ Kf5 50. Rh1 1/2-1/2

[Event "17PCR_ZK08"]
[Site "?"]
[Date "2007.??.??"]
[Round "2"]
[White "Stika, Vaclav"]
[Black "Valak, Alois"]
[Result "1/2-1/2"]
[WhiteElo "2150"]
[BlackElo "2353"]
[PlyCount "115"]
[EventDate "2007.??.??"]
[SourceDate "2007.06.28"]

1. e4 c5 2. Nf3 Nc6 3. d4 cxd4 4. Nxd4 Nf6 5. Nc3 e5 6. Ndb5 d6 7. Bg5 a6 8.
Na3 b5 9. Bxf6 gxf6 10. Nd5 f5 11. Bd3 Be6 12. Qh5 Rg8 13. c3 Rxg2 14. Qf3 Rg4
15. exf5 Bxd5 16. Qxd5 Ne7 17. Qb7 Qc8 18. Qxc8+ Nxc8 19. Nc2 Nb6 20. Nb4 Ke7
21. Rd1 Kf6 22. Bb1 Rh4 23. f3 a5 24. Nd5+ Nxd5 25. Rxd5 b4 26. Be4 bxc3 27.
bxc3 Rb8 28. a4 Rb2 29. Kf1 Rhxh2 30. Rxh2 Rxh2 31. Rxa5 h5 32. Ra7 h4 33. Bd5
Be7 34. a5 Rd2 35. c4 h3 36. Kg1 e4 37. fxe4 Bd8 38. Ra8 Bc7 39. Rh8 h2+ 40.
Rxh2 Rxh2 41. Kxh2 Bxa5 42. Kg3 Bc3 43. Kg4 Bd4 44. Kf4 Ke7 45. Bc6 Kf6 46. Bb7
Be5+ 47. Ke3 Kg5 48. Bd5 f6 49. Bc6 Bc3 50. Kf3 Be5 51. Bb7 Bd4 52. Ke2 Kf4 53.
Kd3 Ke5 54. Ba8 Bc5 55. Ke2 Kf4 56. Bd5 Bd4 57. Kd3 Ke5 58. Kd2 1/2-1/2

[Event "17PCR_ZK08"]
[Site "?"]
[Date "2007.??.??"]
[Round "2"]
[White "Stika, Vaclav"]
[Black "Zahour, Jiri"]
[Result "0-1"]
[WhiteElo "2150"]
[BlackElo "2307"]
[PlyCount "130"]
[EventDate "2007.??.??"]
[SourceDate "2007.06.28"]

1. e4 c5 2. Nf3 Nc6 3. d4 cxd4 4. Nxd4 Nf6 5. Nc3 e5 6. Ndb5 d6 7. Bg5 a6 8.
Na3 b5 9. Bxf6 gxf6 10. Nd5 Bg7 11. c3 f5 12. exf5 Bxf5 13. Nc2 O-O 14. Nce3
Bd7 15. g4 b4 16. Bg2 Rb8 17. Nf5 bxc3 18. bxc3 Bxf5 19. gxf5 Qh4 20. h3 Rb2
21. O-O Bh6 22. f6 Kh8 23. Qg4 Qxg4 24. hxg4 Bg5 25. Be4 Rfb8 26. Kg2 h6 27.
Rfd1 Nd8 28. Nc7 Bh4 29. Nxa6 Rc8 30. Rh1 Bg5 31. Nb4 Rc4 32. Bf5 Ne6 33. Rhd1
Nf4+ 34. Kf1 Bxf6 35. Rxd6 Kg7 36. Nd3 Nxd3 37. Rxd3 h5 38. f3 Bg5 39. a4 hxg4
40. fxg4 Rf4+ 41. Kg1 e4 42. Rh3 e3 43. a5 Rd2 44. Re1 Ra4 45. Rh7+ Kf6 46. Rf1
Bf4 47. Rh3 Kg7 48. Re1 Rxa5 49. Rf3 Bh2+ 50. Kh1 Bc7 51. Rfxe3 Rh2+ 52. Kg1
Raa2 53. Rb1 Bd6 54. Rd1 Bc5 55. Rd4 Rhg2+ 56. Kf1 Rgf2+ 57. Kg1 Rf4 58. Rg3
Bxd4+ 59. cxd4 Rxd4 60. Rg2 Rdd2 61. Rxd2 Rxd2 62. Kf1 Kf6 63. Ke1 Rd4 64. Bc8
Kg5 65. Ke2 Rxg4 0-1

[Event "17PCR_ZK08"]
[Site "?"]
[Date "2007.??.??"]
[Round "1"]
[White "Struzka, Vlastimil"]
[Black "Hlavacek, Ladislav"]
[Result "1/2-1/2"]
[WhiteElo "2080"]
[BlackElo "2002"]
[PlyCount "80"]
[EventDate "2007.??.??"]
[SourceDate "2007.06.28"]

1. d4 Nf6 2. Nf3 g6 3. Nc3 d5 4. Bf4 Bg7 5. Qd2 O-O 6. Bh6 c6 7. Bxg7 Kxg7 8.
h4 h5 9. Ng5 b5 10. e3 Qd6 11. a3 Bf5 12. Bd3 Bxd3 13. cxd3 Nbd7 14. Ne2 Ng4
15. f3 Nh6 16. O-O f6 17. Nh3 a5 18. Rac1 b4 19. e4 Rfc8 20. a4 c5 21. Qf4 dxe4
22. dxe4 e5 23. dxe5 Qxe5 24. Rfd1 Nb6 25. b3 Qxf4 26. Nhxf4 c4 27. Nd4 Ng8 28.
Nd5 Nxd5 29. exd5 c3 30. d6 Kf7 31. d7 Rc5 32. Nb5 Ke7 33. Nd6 Kxd7 34. Ne4+
Kc6 35. Nxc5 Kxc5 36. Rd7 Nh6 37. Kf2 Nf5 38. Rcd1 Re8 39. Rc7+ Kb6 40. Rf7 Re6
1/2-1/2

[Event "17PCR_ZK08"]
[Site "?"]
[Date "2007.??.??"]
[Round "1"]
[White "Struzka, Vlastimil"]
[Black "Klimecky, Tomas"]
[Result "1-0"]
[WhiteElo "2080"]
[BlackElo "1744"]
[PlyCount "29"]
[EventDate "2007.??.??"]
[SourceDate "2007.06.28"]

1. d4 d5 2. c4 c6 3. e3 Nf6 4. Nf3 Bf5 5. Bd3 Bxd3 6. Qxd3 e6 7. O-O Nbd7 8.
Nc3 Bb4 9. Bd2 Bxc3 10. Bxc3 O-O 11. Nd2 Qc7 12. e4 Qf4 13. cxd5 exd5 14. e5
Ne4 15. Nxe4 1-0

[Event "17PCR_ZK08"]
[Site "?"]
[Date "2007.??.??"]
[Round "2"]
[White "Struzka, Vlastimil"]
[Black "Stika, Vaclav"]
[Result "1-0"]
[WhiteElo "2080"]
[BlackElo "2150"]
[PlyCount "158"]
[EventDate "2007.??.??"]
[SourceDate "2007.06.28"]

1. d4 Nf6 2. Nf3 g6 3. e3 Bg7 4. Bd3 O-O 5. O-O d6 6. e4 Nc6 7. Nc3 Bg4 8. Be3
e5 9. dxe5 Nxe5 10. Be2 Nxf3+ 11. Bxf3 Be6 12. Bd4 Nd7 13. Bxg7 Kxg7 14. Qd2
Qf6 15. Be2 Qe5 16. f4 Qc5+ 17. Kh1 f5 18. Bf3 Nb6 19. Rae1 Rae8 20. exf5 gxf5
21. Bxb7 Nc4 22. Qc1 Bf7 23. b3 Ne3 24. Na4 Qb5 25. c4 Nxc4 26. Bf3 Rxe1 27.
Rxe1 Qb4 28. bxc4 Qxa4 29. g4 Qxc4 30. Qb2+ Kg8 31. gxf5 Re8 32. Rc1 Qxf4 33.
Rg1+ Kf8 34. Qg7+ Ke7 35. Bc6 Qxf5 36. Re1+ Kd8 37. Bxe8 Qd5+ 38. Kg1 Qc5+ 39.
Kg2 Qd5+ 40. Kg3 Qd3+ 41. Kh4 Qc4+ 42. Qg4 Qxg4+ 43. Kxg4 Bxe8 44. Re3 a6 45.
Kg5 c5 46. Kf6 Bc6 47. Re7 d5 48. Rxh7 d4 49. Rh3 Kc7 50. Ke5 Bb5 51. Rb3 Be8
52. Rb2 Kc6 53. a4 a5 54. Rd2 Bf7 55. Rf2 Bb3 56. h4 Bd1 57. Rf6+ Kd7 58. Kd5
Bxa4 59. Rd6+ Ke7 60. Kxc5 Be8 61. Rxd4 Kf6 62. Rd8 Bf7 63. Ra8 Kf5 64. Rxa5
Kg4 65. Ra4+ Kh5 66. Re4 Bg6 67. Rb4 Bf5 68. Kd5 Bh3 69. Ke5 Bg4 70. Rb8 Be2
71. Kf4 Bd1 72. Rg8 Be2 73. Rg5+ Kh6 74. Kf5 Bd3+ 75. Kf6 Kh7 76. Rd5 Be4 77.
Rd7+ Kh6 78. Rd4 Bg2 79. Rd8 Kh7 1-0

[Event "17PCR_ZK08"]
[Site "?"]
[Date "2007.??.??"]
[Round "2"]
[White "Struzka, Vlastimil"]
[Black "Valak, Alois"]
[Result "1/2-1/2"]
[WhiteElo "2080"]
[BlackElo "2353"]
[PlyCount "122"]
[EventDate "2007.??.??"]
[SourceDate "2007.06.28"]

1. d4 Nf6 2. Nf3 g6 3. Nc3 d5 4. Bf4 Bg7 5. Qd2 Ne4 6. Nxe4 dxe4 7. Ne5 Nd7 8.
O-O-O Nb6 9. e3 Be6 10. Qb4 c6 11. Bc4 Bd5 12. Bxd5 cxd5 13. Qb5+ Kf8 14. a4
Qe8 15. Qxe8+ Kxe8 16. a5 Nc8 17. h4 f6 18. a6 bxa6 19. Nc6 Nb6 20. h5 g5 21.
Bg3 e6 22. c3 Rc8 23. Na5 f5 24. Kc2 Rf8 25. Nb7 Nc4 26. b3 Na3+ 27. Kb2 Nb5
28. Nd6+ Nxd6 29. Bxd6 Rf7 30. f3 Rc6 31. Bc5 exf3 32. gxf3 Bf8 33. Bxf8 Kxf8
34. Rhg1 h6 35. Rd2 Rfc7 36. Rc2 Ke7 37. Ra1 Kf6 38. Ra5 g4 39. f4 Rb7 40. Ra3
Rb5 41. Rc1 a5 42. Kc2 Rc8 43. Rd1 Rcb8 44. Rb1 a6 45. Ra4 Ke7 46. Ra3 Kd7 47.
Raa1 Ke7 48. Ra3 Kf6 49. Ra4 R8b7 50. Ra3 Kf7 51. Kd3 Kf6 52. Kc2 R7b6 53. Kd2
Kf7 54. Kc2 Kf6 55. Ra2 Kf7 56. Ra4 Rb8 57. Ra3 Kg7 58. Rba1 Kf6 59. Rb1 R8b7
60. Ra2 Ke7 61. Ra3 Kf8 1/2-1/2

[Event "17PCR_ZK08"]
[Site "?"]
[Date "2007.??.??"]
[Round "2"]
[White "Struzka, Vlastimil"]
[Black "Zahour, Jiri"]
[Result "0-1"]
[WhiteElo "2080"]
[BlackElo "2307"]
[PlyCount "93"]
[EventDate "2007.??.??"]
[SourceDate "2007.06.28"]

1. d4 Nf6 2. Nf3 e6 3. Bg5 h6 4. Bh4 g5 5. Bg3 Ne4 6. Nbd2 Nxg3 7. hxg3 b6 8.
c3 Bb7 9. e4 Bg7 10. Bd3 d6 11. Qe2 g4 12. Nh4 Qg5 13. O-O-O Nd7 14. f4 gxf3
15. gxf3 Rg8 16. Rh3 O-O-O 17. f4 Qe7 18. e5 Kb8 19. Bh7 Rge8 20. Be4 d5 21.
Bc2 c5 22. Nb3 Rc8 23. g4 Rg8 24. Kb1 Bf8 25. Rg1 Qd8 26. Nf3 c4 27. Nc1 b5 28.
Qe3 b4 29. cxb4 Bxb4 30. Rxh6 c3 31. b3 Qa5 32. Rh7 Nb6 33. a4 Ba3 34. Nd3 Ba6
35. Ka2 Bb5 36. Rb1 Ka8 37. Ra1 Bxa4 38. Qe1 Bxb3+ 39. Bxb3 Bb2+ 40. Kb1 Qxa1+
41. Kc2 Qa3 42. Rxf7 Nc4 43. Nc5 Na5 44. Bxd5+ exd5 45. e6 Rxc5 46. dxc5 Qb3+
47. Kd3 0-1

[Event "17PCR_ZK08"]
[Site "?"]
[Date "2007.??.??"]
[Round "2"]
[White "Urban, Milos"]
[Black "Hlavacek, Ladislav"]
[Result "0-1"]
[WhiteElo "1734"]
[BlackElo "2002"]
[PlyCount "30"]
[EventDate "2007.??.??"]
[SourceDate "2007.06.28"]

1. e4 c5 2. Nf3 d6 3. d4 cxd4 4. Nxd4 Nf6 5. Nc3 g6 6. Be3 Bg7 7. f3 O-O 8. Qd2
Nc6 9. Bc4 Na5 10. Bb3 Nxb3 11. axb3 Bd7 12. h4 h5 13. Bh6 Qb6 14. Bxg7 Kxg7
15. Qe3 e5 0-1

[Event "17PCR_ZK08"]
[Site "?"]
[Date "2007.??.??"]
[Round "2"]
[White "Urban, Milos"]
[Black "Zahour, Jiri"]
[Result "0-1"]
[WhiteElo "1734"]
[BlackElo "2307"]
[PlyCount "47"]
[EventDate "2007.??.??"]
[SourceDate "2007.06.28"]

1. e4 c5 2. Nf3 Nc6 3. d4 cxd4 4. Nxd4 Nf6 5. Nc3 e5 6. Ndb5 d6 7. Bg5 a6 8.
Na3 b5 9. Bxf6 gxf6 10. Nd5 Bg7 11. Bd3 Ne7 12. Nxe7 Qxe7 13. c3 f5 14. Nc2 Qg5
15. O-O Bb7 16. Qe2 O-O 17. f3 d5 18. Nb4 fxe4 19. fxe4 d4 20. a4 Qe7 21. Kh1
dxc3 22. bxc3 Qc5 23. Qc2 h6 24. g3 0-1

[Event "17PCR_ZK08"]
[Site "?"]
[Date "2007.??.??"]
[Round "1"]
[White "Valak, Alois"]
[Black "Hlavacek, Ladislav"]
[Result "1/2-1/2"]
[WhiteElo "2353"]
[BlackElo "2002"]
[PlyCount "81"]
[EventDate "2007.??.??"]
[SourceDate "2007.06.28"]

1. e4 c5 2. Nf3 d6 3. d4 cxd4 4. Nxd4 Nf6 5. Nc3 a6 6. Be3 e5 7. Nb3 Be6 8. Be2
d5 9. exd5 Nxd5 10. Nxd5 Qxd5 11. O-O Qxd1 12. Raxd1 Nc6 13. Nc5 Bxc5 14. Bxc5
Rc8 15. c4 Na5 16. Bb4 Nxc4 17. b3 a5 18. Be1 Na3 19. Bxa5 Nc2 20. Bf3 Ke7 21.
Bxb7 Rc5 22. b4 Rb5 23. Bc6 Rxb4 24. Bxb4+ Nxb4 25. Bf3 Nxa2 26. Rfe1 Kf6 27.
Rd6 Nb4 28. Rb1 Nc2 29. Bd5 Nd4 30. Bxe6 Nxe6 31. g3 g5 32. Kg2 g4 33. h4 h5
34. Rb7 Rf8 35. Ra6 Re8 36. Raa7 Rf8 37. Kf1 Kg6 38. Re7 Kf6 39. Reb7 Kg6 40.
Re7 Kf6 41. Rab7 1/2-1/2

[Event "17PCR_ZK08"]
[Site "?"]
[Date "2007.??.??"]
[Round "1"]
[White "Valak, Alois"]
[Black "Klimecky, Tomas"]
[Result "1-0"]
[WhiteElo "2353"]
[BlackElo "1744"]
[PlyCount "27"]
[EventDate "2007.??.??"]
[SourceDate "2007.06.28"]

1. e4 c6 2. d4 d5 3. exd5 cxd5 4. c4 Nf6 5. Nc3 Nc6 6. Bg5 dxc4 7. Bxc4 e6 8.
Nf3 Be7 9. O-O O-O 10. a3 a6 11. Re1 b5 12. d5 exd5 13. Bxd5 Nxd5 14. Qxd5 1-0

[Event "17PCR_ZK08"]
[Site "?"]
[Date "2007.??.??"]
[Round "1"]
[White "Valak, Alois"]
[Black "Stika, Vaclav"]
[Result "1-0"]
[WhiteElo "2353"]
[BlackElo "2150"]
[PlyCount "133"]
[EventDate "2007.??.??"]
[SourceDate "2007.06.28"]

1. e4 e5 2. Nf3 Nc6 3. Bc4 Nf6 4. d3 Bc5 5. O-O a6 6. Nc3 d6 7. Nd5 Nxd5 8.
Bxd5 O-O 9. Bg5 Qd7 10. c3 Qg4 11. b4 Bb6 12. a4 h6 13. a5 Bxa5 14. Bxh6 gxh6
15. bxa5 Ne7 16. Re1 Kh8 17. d4 Rg8 18. g3 Nxd5 19. exd5 f6 20. Ra4 Qg6 21. Rc4
Rg7 22. Rb4 Rb8 23. Nh4 Qf7 24. dxe5 fxe5 25. f4 Bg4 26. Qd2 Rf8 27. Ng2 Bc8
28. fxe5 dxe5 29. Qxh6+ Kg8 30. Qd2 Qf6 31. Rbe4 Rg5 32. Ne3 Qg7 33. Rh4 Qe7
34. Qd3 Rg7 35. Qc4 Qd6 36. Rh5 Rf4 37. Qd3 Bd7 38. Kh1 Ra4 39. Nf5 Bxf5 40.
Rxf5 Qg6 41. Qf1 Rf7 42. Rexe5 Rxf5 43. Rxf5 Ra1 44. Rf8+ Kg7 45. Qxa1 Qe4+ 46.
Kg1 Kxf8 47. Qd1 Qe3+ 48. Kg2 Ke7 49. h4 Qxc3 50. Qe2+ Kd8 51. h5 Qxa5 52. Qe6
Qd2+ 53. Kh3 b5 54. h6 Qg5 55. g4 Qf4 56. Kh4 b4 57. Kh5 b3 58. h7 Qh2+ 59. Kg6
b2 60. Qf6+ Kd7 61. Qf5+ Kd6 62. g5 a5 63. Kg7 Qe5+ 64. Qxe5+ Kxe5 65. h8=Q
b1=Q 66. Kf7+ Kxd5 67. g6 1-0

[Event "17PCR_ZK08"]
[Site "?"]
[Date "2007.??.??"]
[Round "1"]
[White "Valak, Alois"]
[Black "Struzka, Vlastimil"]
[Result "1/2-1/2"]
[WhiteElo "2353"]
[BlackElo "2080"]
[PlyCount "66"]
[EventDate "2007.??.??"]
[SourceDate "2007.06.28"]

1. e4 e5 2. Nf3 Nc6 3. Bc4 Bc5 4. O-O Nf6 5. d3 d6 6. Nc3 Na5 7. Bg5 Nxc4 8.
dxc4 Be6 9. Qd3 a5 10. a3 a4 11. Nd5 c6 12. Nxf6+ gxf6 13. Be3 Rg8 14. Nh4 Rg4
15. g3 Bxe3 16. fxe3 h5 17. Rad1 Qe7 18. Nf5 Bxf5 19. Rxf5 h4 20. Qxd6 hxg3 21.
hxg3 Rxe4 22. Rxf6 Rxe3 23. Kf2 Re4 24. b3 Qxd6 25. Rfxd6 axb3 26. cxb3 Rxa3
27. Rd8+ Ke7 28. R1d6 Rxb3 29. R8d7+ Kf8 30. Rf6 Rxc4 31. Rfxf7+ Ke8 32. Rfe7+
Kf8 33. Rf7+ Ke8 1/2-1/2

[Event "17PCR_ZK08"]
[Site "?"]
[Date "2007.??.??"]
[Round "1"]
[White "Valak, Alois"]
[Black "Urban, Milos"]
[Result "1-0"]
[WhiteElo "2353"]
[BlackElo "1734"]
[PlyCount "25"]
[EventDate "2007.??.??"]
[SourceDate "2007.06.28"]

1. e4 e5 2. Nf3 Nf6 3. d4 Nxe4 4. Bd3 d5 5. Nxe5 Bd6 6. O-O O-O 7. Nd2 Bxe5 8.
dxe5 Nc5 9. Nb3 Nxd3 10. Qxd3 Nc6 11. Re1 Qd7 12. c3 Ne7 13. a4 1-0

[Event "17PCR_ZK08"]
[Site "?"]
[Date "2007.??.??"]
[Round "1"]
[White "Valak, Alois"]
[Black "Zahour, Jiri"]
[Result "1/2-1/2"]
[WhiteElo "2353"]
[BlackElo "2307"]
[PlyCount "97"]
[EventDate "2007.??.??"]
[SourceDate "2007.06.28"]

1. e4 c5 2. Nf3 Nc6 3. Bb5 e6 4. O-O Nge7 5. Ba4 Ng6 6. d4 cxd4 7. Nxd4 Bc5 8.
Nb3 Bb6 9. c4 Qe7 10. Nc3 a6 11. c5 Bxc5 12. Nxc5 Qxc5 13. Be3 Qe7 14. Bb6 Qb4
15. Qb3 Qe7 16. f4 Na5 17. Bxa5 Qc5+ 18. Rf2 Qxa5 19. f5 b5 20. Bxb5 axb5 21.
fxg6 hxg6 22. Nxb5 O-O 23. Nd6 Ra6 24. Qd3 Qc5 25. e5 Rc6 26. Rd1 Ba6 27. Qd2
Qxe5 28. b4 Qd5 29. Qe1 Bd3 30. Nb7 e5 31. Nc5 Rxc5 32. bxc5 Qd4 33. a3 e4 34.
Qb4 Qe5 35. Rb2 Rc8 36. a4 f5 37. a5 Kh7 38. Rb3 f4 39. a6 Ra8 40. Ra3 Rxa6 41.
Rxa6 Bxa6 42. Qd4 Qh5 43. Qd5 Bd3 44. Qxh5+ gxh5 45. Ra1 Bb5 46. Rb1 Bc6 47.
Rf1 g5 48. g3 f3 49. Kf2 1/2-1/2

[Event "17PCR_ZK08"]
[Site "?"]
[Date "2007.??.??"]
[Round "1"]
[White "Zahour, Jiri"]
[Black "Hlavacek, Ladislav"]
[Result "1-0"]
[WhiteElo "2307"]
[BlackElo "2002"]
[PlyCount "79"]
[EventDate "2007.??.??"]
[SourceDate "2007.06.28"]

1. e4 c5 2. Nf3 d6 3. d4 cxd4 4. Nxd4 Nf6 5. Nc3 a6 6. Bg5 e6 7. f4 Be7 8. Qf3
h6 9. Bh4 Qc7 10. O-O-O Nc6 11. Nxc6 Qxc6 12. Bd3 Qc7 13. Rhe1 e5 14. fxe5 dxe5
15. Bxf6 Bxf6 16. Nd5 Qc6 17. Kb1 O-O 18. Nxf6+ Qxf6 19. Qxf6 gxf6 20. Bc4 Be6
21. Bd5 Rab8 22. Rf1 Kg7 23. Rd3 f5 24. exf5 Bxd5 25. f6+ Kg6 26. Rxd5 Rfe8 27.
Rd3 Kh7 28. Kc1 Rbd8 29. Rc3 Rd7 30. Rg3 Kh8 31. Rf5 Re6 32. Re3 Rd5 33. h4 Kh7
34. h5 Kg8 35. Re4 Red6 36. b4 Kf8 37. Kb2 Re6 38. Kb3 Ke8 39. g4 Kf8 40. g5
1-0